1976 1351 1719 1707 1968 1348 1151 1853 1561 1001 1969 1341 1488 1098 1136 1715 1128 1394 1228 1636 1615 1785 1752 1271 1055 1990 1634 1270 1410 1720 1519 1657 1500 1494 1152 1925 1113 1532 1346 1178 1075 1424 1498 1832 1063 1454 1986 1230 1162 1214 1855 1081 1848 1834 1417 1595 1180 1202 1715 1587 1585 1361 1152 1056 1316 1630 1410 1139 1324 1451 1986 1234 1065 1844 1470 1558 1471 1626 1511 1939 1955 1999 1278 1621 1110 1344 1116 1261 1014 1962 1535 1540 1438 1631 1849 1776 1137 1167 1912 BCNSPRNW ULIB Ver.6.0+V

เปลี่ยนเป็นภาษาไทย

Change to English
 แสดงรายละเอียดบรรณานุกรม
  กลับหน้าหลัก

Brief Record : Get Marc (ISO 2709) : E-mail record : QR code < ปิดหน้าต่าง
LEADER : 00000nam 2200000uu 4500
001    13399114057
003     ULIB
008    110627s||||||||th 000 0 tha d
020    9789747446579
090    นว.^bว859ห 2550
100 0  ฌามิวอาห์
245 00 ริยาห พายุทราย สายลมรัก/^cฌามิวอาห์
250    พิมพ์ครั้งที่ 2
260    กรุงเทพฯ :^bแจ่มใส,^c2550
300    381 หน้า
710 1  แจ่มใส
945    ^p229^l0^i022887
995    ทศพร
999 ^a ใช้งานได้ทุกระบบ
รายการนี้ยังไม่มีแท็ก
คุณยังไม่ได้ล็อกอิน คุณสามารถมีกิจกรรมร่วมกับเว็บไซต์ได้ แต่ต้องล็อกอินก่อน ::
  ล็อกอิน

รายการสื่อสารสนเทศ

ลำดับที่ ประเภท เลขเรียก/บาร์โค้ด สถานที่ สถานะ
1. นวนิยาย
นวนิยาย
นว. ว859ห 2550 ฉ.1 
  Barcode: 022887
ห้องสมุดวิทยาเขตสวรรค์ประชารักษ์
►นวนิยาย
บนชั้น
  ขอยืม

รายการใกล้เคียง
    ผู้แต่ง [ฌามิวอาห์]

BibComment


ยังไม่เคยถูกคอมเมนท์

คอมเมนท์ทรัพยากรรายการนี้
  คอมเมนท์: ริยาห พายุทราย สา..


 Copyright 2026. Bcnsprnw @Library